000 00486nam a2200157 i 4500
001 75281
003 ES-MaACL
005 20230906172407.0
007 t|
008 040923s1930 fr ||||1| fre d
100 0 _aGrégoire, Raymond.
_959884
245 1 4 _aLes aneurysmes artério-veineux /
_cpar Raymond Grégoire.
260 _aParis :
_bJ.B. Baillière et Fils,
_c1930 (
_eCoulommiers :
_fErnest Dessaint)
300 _a214 p., 5 lám. :
_bil. ;
_c23 cm.
852 _aES-MaACL
_jE-641
999 _c75281
_d75281